| 000 | 01226nam a2200313 i 4500 | ||
|---|---|---|---|
| 003 | EG-GICUC | ||
| 005 | 20260121101532.0 | ||
| 008 | 251222s1987 ua ||||fr|||| 00| 0 ara d | ||
| 040 |
_a EG-GICUC _bara _c EG-GICUC _d EG-GICUC _erda |
||
| 041 | 0 | _aara | |
| 082 | 0 | 4 |
_221 _a345.437 _bن ص . أ |
| 092 | 0 | 4 | _221 |
| 099 | _aLaw1 07 345.437 ن ص . أ 1 ed - 1987 | ||
| 100 | 0 |
_aنصحى عباس رمضان _eمؤلف. |
|
| 245 | 1 | 2 |
_aأنظمة المعاشات فى التشريع المصرى والمقارن : _bدراسة تحليلية / _cنصحى عباس رمضان. |
| 250 | _aالطبعة الاولى | ||
| 264 | 1 |
_aالقاهرة : _b[اسم الناشر غير محدد], _c1987. |
|
| 300 |
_a670 ؛ صفحة _c24 سم. |
||
| 336 |
_2rda content _atext |
||
| 337 |
_2rda media _aComputer |
||
| 338 |
_2rda carrier _aOnline Resource |
||
| 504 | _aيحتوي على ارجاعات ببليوجرافية يحتوي على قائمة بالمراجع | ||
| 546 | _aالنص باللغة العربية | ||
| 650 | 1 | 4 |
_aالمعاشات _xالقانون الإداري _2qrmak |
| 651 | 1 | _2qrmak | |
| 856 | 4 | 0 | _uhttps://fll.law.cu.edu.eg/fulltext/bks/B07-01712.pdf |
| 905 | _a75 | ||
| 942 |
_2ddc _cBK _e21 _n0 |
||
| 999 |
_c52173 _d52173 |
||